| 000 | 00520nam a2200169 i 4500 | ||
|---|---|---|---|
| 001 | 55739 | ||
| 003 | ES-MaACL | ||
| 005 | 20230906163217.0 | ||
| 007 | t| | ||
| 008 | 030925s1931 sp ||||1| spa d | ||
| 100 | 1 |
_aDevine, Henry. _944012 |
|
| 245 | 1 | 0 |
_aRecientes adquisiciones en psiquiatrÃa / _cpor Henry Devine ; traducida por R. Alberca Lorente. |
| 260 |
_aMadrid : _bJavier Morata, _c1931. |
||
| 300 |
_aVI, 415 p. ; _c20 cm. |
||
| 700 | 1 |
_aAlberca Lorente, Román. _919266 |
|
| 852 |
_aES-MaACL _jE-233 _bR.18190 |
||
| 999 |
_c55739 _d55739 |
||